000 00443nam a2200193Ia 4500
005 20250423095850.0
008 250422s9999 xx 000 0 und d
020 _a9780197637173
050 _aQL 362 .B92/
100 _aBrusca, Richard C.
245 0 _aInvertebrates
250 _a4th ed.
260 _aNew York
260 _bOxford University Press
260 _c2023
300 _a657 p
650 _aInvertebrates.
942 _cBK
999 _c31565
_d31565